000 00287nam a2200109Ia 4500
008 230907s9999||||xx |||||||||||||| ||und||
082 _a660.28
_bSMI
100 _aSmith, Robin
_9115331
245 0 _aChemical process design and integration /
300 _axxiii, 896 pages ;
942 _cBK
999 _c598138
_d598138